Statistics for English Monarchs

Click here to take the quiz!

General Stats

  • This quiz has been taken 22 times
  • The average score is 38 of 43

Answer Stats

HouseReignAnswer% Correct
Stuart1625-1649Charles I
95%
Stuart1660-1685Charles II
95%
Windsor2022-PresentCharles III
95%
Plantagenet1272-1307Edward I
95%
Tudor1558-1603Elizabeth I
95%
Windsor1952-2022Elizabeth II
95%
Hanover1714-1727George I
95%
Hanover1727-1760George II
95%
Hanover1760-1820George III
95%
Hanover1820-1830George IV
95%
Windsor1910-1937George V
95%
Windsor1937-1952George VI
95%
Normandy1100-1135Henry I
95%
Plantagenet1307-1327Edward II
91%
Plantagenet1327-1377Edward III
91%
York1461-1470 & 1471-1483Edward IV
91%
York1483Edward V
91%
Tudor1547-1553Edward VI
91%
Saxe-Coburg & Gotha1901-1910Edward VII
91%
Windsor1937Edward VIII
91%
Angevin1154-1189Henry II
91%
Plantagenet1216-1272Henry III
91%
Lancaster1399-1413Henry IV
91%
Lancaster1413-1422Henry V
91%
Tudor1485-1509Henry VII
91%
Tudor1509-1547Henry VIII
91%
Tudor1553-1558Mary I
91%
Hanover1837-1901Victoria
91%
Normandy1066-1087William I
91%
Lancaster1422-1461 & 1470-1471Henry VI
86%
Angevin1199-1216John
86%
Angevin1189-1199Richard I
86%
Normandy1087-1100William II
86%
Orange-Nassau1689-1702William III
86%
Stuart1689-1694Mary II
82%
Plantagenet1377-1399Richard II
82%
York1483-1485Richard III
82%
Stuart1603-1625James I
77%
Stuart1685-1688James II
77%
Blois1135-1154Stephen
77%
Hanover1830-1837William IV
77%
Stuart1702-1714Anne
73%
Grey1553Lady Jane Grey
68%

Score Distribution

Percentile by Number Answered

Percent of People with Each Score

Your Score History

You have not taken this quiz